header

Vocabulary (Record no. 72418)

MARC details
000 -LEADER
fixed length control field 01206nam a2200325Ia 4500
082 04 - DEWEY DECIMAL CLASSIFICATION NUMBER
Classification number 418
100 1# - MAIN ENTRY--AUTHOR NAME
Personal name Carter, Ronald,
245 10 - TITLE STATEMENT
Title Vocabulary
250 ## - EDITION STATEMENT
Edition statement 2nd ed.
260 ## - PUBLICATION, DISTRIBUTION, ETC. (IMPRINT)
Place of publication London ;
-- New York :
Name of publisher Routledge,
Year of publication 1998.
300 ## - PHYSICAL DESCRIPTION
Number of Pages xvi, 317 p.
650 #0 - SUBJECT ADDED ENTRY--TOPICAL TERM
Topical Term Lexicology.
Topical Term Vocabulary
856 40 - ELECTRONIC LOCATION AND ACCESS
Uniform Resource Identifier http://site.ebrary.com/lib/rucke/Doc?id=10056132

No items available.

© 2026 Rongo University
Contact us: librarian | system librarian | Rongo university